00289nam a2200121Ia 4500008004100000041000800041082001600049100001700065245001500082260002700097300003400124365000900158240624s9999 xx 000 0 und d aeng a338.791 DOW aDOWLING ROSS aGEOTOURISM c2006aLondonbElsevier axxviii, : 260 : p. : cm. ; 24 cb35